000 00614nam a22001937a 4500
005 20251108164054.0
008 250721s1994 xx 000 0 ara d
082 1 4 _a154.6/علي
100 1 _aكمال، علي
245 1 0 _aادارة الجودة الشاملة /
250 _aط3.، منقحه و مزيده
264 1 _aبيروت :
_bالمؤسسة العربية للدراسات و النشر،
_c1994.
300 _a290ص
490 0 _aسلسلة ابواب العقل الموصده
650 1 7 _aالنوم
650 1 7 _aالتنويم المغناطيسي
942 _2ddc
_cBK
999 _c2885
_d2885